000 01054cam a22002657a 4500
001 16189720
005 20130325153409.0
008 100416s2013 enka f 001 0 eng d
010 _a1907670289
020 _a9781907670282
082 0 4 _a621.471
_222
_bBOX
100 1 _aBoxwell, Michael.
_932971
245 1 0 _aSolar Electricity Handbook :
_ba Simple, Practical Guide to Solar Energy : Designing and Installing Photovoltaic Solar Electric Systems /
_cMichael Boxwell.
246 3 0 _aSimple, practical guide to solar energy : designing and installing photovoltaic solar electric systems
250 _a2013 ed.
260 _aRyton on Dunsmore, Warwickshire, U.K. :
_bCode Green Pub.,
_c2013.
300 _a197 p. :
_bill. ;
_c24 cm.
500 _a"Internet linked."
500 _aIncludes index.
650 0 _aPhotovoltaic power systems
_vHandbooks, manuals, etc.
_932972
650 0 _aSolar energy
_vHandbooks, manuals, etc.
_932973
650 0 _aSolar power plants
_vHandbooks, manuals, etc.
_932974
653 _bMec
_cMarch2013
942 _2ddc
_cBB
999 _c17401
_d17373